| 000 | 01202nam a2200337 i 4500 | ||
|---|---|---|---|
| 001 | 000002655 | ||
| 003 | DO-SdBNP | ||
| 005 | 20250808100547.0 | ||
| 007 | ta | ||
| 008 | 090703s2006 dr r 000 0 spa d | ||
| 020 | _a9993468932 | ||
| 040 |
_aDO-SdBNP _bspa _cBNPHU _erda |
||
| 041 | _aspa | ||
| 082 | 4 |
_a341 _bC355d _222 |
|
| 100 | 1 |
_aCastro Díaz, Freddy Ángel, _d1958- _eautor _4aut. _98372 |
|
| 245 | 1 | 0 |
_aDerecho internacional / _cFreddy Ángel Castro Díaz ; prólogo, Salvador Ramos. |
| 264 | 1 |
_aSanto Domingo : _bLibrería Jurídica Virtual ; _bEdiciones Jurídicas Trajano Potentini, _c2006. |
|
| 300 |
_avolumenes ; _c23 cm. |
||
| 336 |
_atexto _btxt _2rdacontent |
||
| 337 |
_asin mediación _bn _2rdamedia |
||
| 338 |
_avolumen _bnc _2rdacarrier |
||
| 500 | _aLa biblioteca posee v. 1 | ||
| 500 | _aIncluye datos biográficos del autor en la contracubierta | ||
| 504 | _aBibliografía : páginas 649-661 | ||
| 590 | _aLa biblioteca posee 3 libros autografiados por el autor | ||
| 590 | _aInventariado, 2018/BT | ||
| 650 | 4 |
_aDerecho internacional _93258 |
|
| 700 | 1 |
_aRamos, Salvador, _eprologuista _4pr. _98373 |
|
| 910 | _aValidado. Control de calidad. MFF | ||
| 942 |
_2ddc _cLBS1 |
||
| 999 |
_c2491 _d2491 |
||